| 000 | 00000nam 2200000zi 4500 |
| 001 | 9.945415 |
| 003 | CaOODSP |
| 005 | 20250120130723 |
| 006 | m o d f |
| 007 | cr mn||||||||| |
| 008 | 241121t20242024oncdab ob f000 0 eng d |
| 020 | |a9780660746081 |
| 040 | |aCaOODSP|beng|erda|cCaOODSP |
| 043 | |an-cn--- |
| 086 | 1 |aM184-14/2024E-PDF |
| 110 | 2 |aGeological Survey of Canada.|eauthor, |eissuing body. |
| 245 | 10|aGeological Survey of Canada : |bhighlight report 2018-2023. |
| 264 | 1|a[Ottawa] : |bNatural Resources Canada = Ressources naturelles Canada, |c[2024] |
| 264 | 4|c©2024 |
| 300 | |a1 online resource (ii, 62 pages) : |bcharts, illustrations, maps |
| 336 | |atext|btxt|2rdacontent |
| 337 | |acomputer|bc|2rdamedia |
| 338 | |aonline resource|bcr|2rdacarrier |
| 490 | 1 |aNatural Resources Canada general information product ; |v158e |
| 500 | |aIssued also in French under title: Commission géologique du Canada : rapport sur les faits saillants 2018-2023. |
| 504 | |aIncludes bibliographical references. |
| 610 | 20|aGeological Survey of Canada|xEvaluation. |
| 650 | 0|aEarth sciences|xResearch|zCanada. |
| 710 | 1 |aCanada. |bNatural Resources Canada, |eissuing body. |
| 775 | 08|tCommission géologique du Canada : |w(CaOODSP)9.945417 |
| 776 | 0#|tGeological Survey of Canada highlight report 2018-2023.|w(CaOODSP)9.945416 |
| 830 | #0|aGeneral information product (Canada. Natural Resources Canada)|v158e.|w(CaOODSP)9.822750 |
| 856 | 40|qPDF|s22.10 MB|uhttps://publications.gc.ca/collections/collection_2025/rncan-nrcan/M184-14-2024-eng.pdf |
| 856 | 4 |qHTML|sN/A|uhttps://doi.org/10.4095/pqbsmh6xa1 |